A guide to keynes / (Record no. 126401)

MARC details
000 -LEADER
fixed length control field 00807nam a22002657a 4500
005 - DATE AND TIME OF LATEST TRANSACTION
control field 20170124110009.0
010 ## - LIBRARY OF CONGRESS CONTROL NUMBER
LC control number 993218
020 ## - INTERNATIONAL STANDARD BOOK NUMBER
Terms of availability 00.00
035 ## - SYSTEM CONTROL NUMBER
System control number 993218
037 ## - SOURCE OF ACQUISITION
Source of stock number/acquisition Cen Lib/Ret
040 ## - CATALOGING SOURCE
Original cataloging agency DPL
Language of cataloging EN
082 ## - DEWEY DECIMAL CLASSIFICATION NUMBER
Classification number 330.15
Item number HAN
100 ## - MAIN ENTRY--PERSONAL NAME
Personal name Hansen, Alvin H.
9 (RLIN) 17435
245 ## - TITLE STATEMENT
Title A guide to keynes /
Statement of responsibility, etc by Alvin H. Hansen
250 ## - EDITION STATEMENT
Edition statement TMH ed.
260 ## - PUBLICATION, DISTRIBUTION, ETC. (IMPRINT)
Place of publication, distribution, etc New Delhi
Name of publisher, distributor, etc McGraw-Hill Publishing Company
Date of publication, distribution, etc 1980
270 ## - ADDRESS
Address 5/33, Kriti Nagar Industrial Area
City New Delhi
Postal code 1100015
300 ## - PHYSICAL DESCRIPTION
Extent xiii, 237p. :
Dimensions 20cm(Hb)
Other physical details ill
490 ## - SERIES STATEMENT
Series statement Economics handbook series ; edited by Seymour E. Harris
500 ## - GENERAL NOTE
General note Includes index
650 ## - SUBJECT ADDED ENTRY--TOPICAL TERM
Topical term or geographic name as entry element Economic history
9 (RLIN) 6496
650 ## - SUBJECT ADDED ENTRY--TOPICAL TERM
Topical term or geographic name as entry element Commerce
9 (RLIN) 80107
700 ## - ADDED ENTRY--PERSONAL NAME
Personal name Harris, Seymour E.
9 (RLIN) 80108
942 ## - ADDED ENTRY ELEMENTS (KOHA)
Source of classification or shelving scheme Dewey Decimal Classification
Koha item type English Books
Classification part 330.15
Call number suffix HAN
Holdings
Withdrawn status Lost status Damaged status Not for loan Home library Current library Date acquired Source of acquisition Cost, normal purchase price Total Checkouts Full call number Barcode Date last seen Copy number Cost, replacement price Price effective from Koha item type
        Central Library Central Library 25/06/2015 Cen Lib/Ret 0.00   330.15 HAN 993218 25/06/2015 1 0.00 25/06/2015 English Books

© Delhi Public Library
Hit Counter
free hit counter